Healthy behaviors as mediating factors in promoting health during times of stress /

Bibliographic Details
Main Author: Graff-Haight, Dawn
Format: Thesis Microform Book
Language:English
Published: [Place of publication not identified] : [publisher not identified] ; 1987.
Subjects:

MARC

Tag First Indicator Second Indicator Subfields
LEADER 00000cam a2200000 a 4500
001 in00000019930
005 20151007053751.0
007 he bmb|||||||
008 880517r19881987orua bb 00010 eng d
035 |a (OCoLC)17965159 
035 |9 AAB2760AM 
040 |a ORU  |c INT  |d HPE  |d TXA  |d UtOrBLW 
049 |a TXAI 
099 |a fiche  |a C  |a 10691 
100 1 |a Graff-Haight, Dawn. 
245 1 0 |a Healthy behaviors as mediating factors in promoting health during times of stress /  |c by Dawn Graff-Haight. 
264 1 |a [Place of publication not identified] :  |b [publisher not identified] ;  |c 1987. 
300 |a 120 leaves :  |b illustrations 
336 |a text  |b txt  |2 rdacontent 
337 |a microform  |b h  |2 rdamedia 
338 |a microfiche  |b he  |2 rdacarrier 
502 |b Ph. D.  |c Oregon State University  |d 1987. 
504 |a Bibliography: leaves 109-114. 
533 |a Microfiche.  |b Eugene :  |c Microform Publications, College of Human Development and Performance, University of Oregon,  |d 1988.  |e 2 microfiches : negative ; 11 x 15 cm. 
500 |a Microform. 
650 0 |a Health behavior. 
650 0 |a Stress (Psychology) 
650 0 |a Health. 
999 |a MARS 
999 f f |s 0b1d737a-a1d9-39af-8dd4-99edf31a086e  |i 32bfc7a0-4765-322f-9dea-63b682e163e2  |t 0 
952 f f |p default  |a Texas A&M University  |b College Station  |c Sterling C. Evans Library  |d Evans: Microforms (3rd floor)  |t 0  |e fiche C 10691  |h Other scheme  |i microform -- microfiche 
998 f f |a fiche C 10691  |t 0  |l Evans: Microforms (3rd floor)